000 00984cam a2200313 a 4500
001 41492
005 20230410101628.0
008 960829s1996 fr ab b 000 0 fre
010 _a 96187685
035 _a(OCoLC)ocm35197138
040 _aDLC
_cDLC
_dOCLCQ
020 _a2738442412
020 _a9782738442413
035 _a(OCoLC)35197138
043 _ae-fr---
050 1 4 _a110 DC 34.5
_bD332c 1996
082 0 0 _a305.896/9729404434
100 1 _aDelachet-Guillon, Claude.
245 1 3 _aLa communauté haitienne en Ile-de-France /
_cClaude Delachet-Guillon.
260 _aParis :
_bL'Harmattan :
_bService social d'aide aux âemigrants,
_cc1996.
300 _a191 p. :
_bill., map ;
_c22 cm.
504 _aIncludes bibliographical references (p. 188-190).
650 0 _aHaitians
_zFrance.
650 0 _aHaitians
_zFrance
_zIle-de-France
_xSocial conditions.
650 4 _aCEH
650 4 _aColección Estudios Haitianos
942 _2lcc
_cbk
994 _aC0
_bDRFGD
999 _c11232
_d11232